000 00733cam a22002411a 4500
001 sa 68011918
003 DLC
005 20260227112605.0
008 950414s1965 io a 000 1 ind
010 _asa 68011918
025 _aPL480:Indo-4155
035 _a(OCoLC)32305965
040 _aDLC
_cWU
_dDLC
042 _apremarc
050 0 0 _aPL5089.S8
_bJ3 1965
100 1 _aSutiasumarga, Rusman,
_d1917-
245 1 0 _aJang terempas dan terkandas /
_coleh Rusman Sutiasumarga; Dihiasi 7 gambar oleh Bahar.
250 _aTjet. 4.
260 _aDjakarta :
_bBalai Pustaka,
_c1965.
300 _a127 p. :
_bill. ;
_c19 cm.
650 0 _aShort stories, Indonesian.
651 0 _aIndonesia
_xHistory
_yRevolution, 1945-1949
_vFiction.
999 _c84184
_d84184